Comuni della Provincia di Padova - Statistics

Statistiche generali
  • Questo quiz è stato fatto 52 volte
    39 dall'ultimo reset
  • Il punteggio medio è 38 su 101
Statistiche sulle risposte
Comune % Corretto
Padova
88%
Abano Terme
82%
Camposampiero
82%
Albignasego
76%
Este
76%
Monselice
76%
Piove di Sacco
76%
Cittadella
71%
Montegrotto Terme
71%
Vo'
65%
Noventa Padovana
59%
Campodarsego
53%
Limena
53%
Montagnana
53%
Rubano
53%
Teolo
53%
Vigonza
53%
Anguillara Veneta
47%
Arzergrande
47%
Cadoneghe
47%
Carmignano di Brenta
47%
Conselve
47%
Due Carrare
47%
Legnaro
47%
Ponte San Nicolò
47%
Trebaseleghe
47%
Vigodarzere
47%
Arquà Petrarca
41%
Bagnoli di Sopra
41%
Battaglia Terme
41%
Bovolenta
41%
Cartura
41%
Galliera Veneta
41%
Mestrino
41%
Ospedaletto Euganeo
41%
Pernumia
41%
Piazzola sul Brenta
41%
Piombino Dese
41%
Polverara
41%
San Giorgio delle Pertiche
41%
San Martino di Lupari
41%
Saonara
41%
Selvazzano Dentro
41%
Villafranca Padovana
41%
Agna
35%
Arre
35%
Baone
35%
Borgoricco
35%
Borgo Veneto
35%
Casalserugo
35%
Codevigo
35%
Fontaniva
35%
Galzignano Terme
35%
Pontelongo
35%
San Giorgio in Bosco
35%
Sant'Urbano
35%
Torreglia
35%
Urbana
35%
Villa del Conte
35%
Boara Pisani
29%
Brugine
29%
Campodoro
29%
Campo San Martino
29%
Cinto Euganeo
29%
Curtarolo
29%
Loreggia
29%
Massanzago
29%
Megliadino San Vitale
29%
Rovolon
29%
San Pietro Viminario
29%
Santa Giustina in Colle
29%
Sant'Angelo di Piove di Sacco
29%
Sant'Elena
29%
Tribano
29%
Villanova di Camposampiero
29%
Candiana
24%
Casale di Scodosia
24%
Correzzola
24%
Grantorto
24%
Lozzo Atestino
24%
Merlara
24%
Piacenza d'Adige
24%
Saccolongo
24%
San Pietro in Gu
24%
Santa Caterina d'Este
24%
Solesino
24%
Terrassa Padovana
24%
Tombolo
24%
Villa Estense
24%
Castelbaldo
18%
Gazzo
18%
Granze
18%
Maserà di Padova
18%
Masi
18%
Ponso
18%
Pozzonovo
18%
Stanghella
18%
Veggiano
18%
Barbona
12%
Cervarese Santa Croce
12%
Vescovana
12%
Nessun quiz corrispondente trovato
Distribuzione punteggi
Percentuale di utenti per punteggio
Percentile per numero di risposta
I tuoi punteggi nel tempo
Non hai fatto questo quiz dall'ultimo reset